Нетрадиционные способы производства электроэнергии: учебное пособие
| Κύριος συγγραφέας: | |
|---|---|
| Συγγραφή απο Οργανισμό/Αρχή: | |
| Άλλοι συγγραφείς: | |
| Περίληψη: | Заглавие с титульного экрана Электронная версия печатной публикации В пособии рассмотрены энергетические характеристики основных видов возобновляемых источников энергии (ВИЭ): ветра, потоков воды, солнечного излучения, геотермальных вод, биомассы и способы их преобразования их в электроэнергию. Значительное внимание уделено вопросам повышения энергоэффективности преобразования первичного энергоресурса и рациональному построению автономных систем электроснабжения с применением электростанций, использующих различные виды ВИЭ. Приведен обзор экономических аспектов внедрения возобновляемой энергетики в автономном электроснабжении. На примере некоторых регионов Сибири показаны возможности практической эксплуатации подобных систем энергообеспечения. Предназначено для студентов электроэнергетических и электротехнических специальностей. Режим доступа: из корпоративной сети ТПУ |
| Γλώσσα: | Ρωσικά |
| Έκδοση: |
Томск, Изд-во ТПУ, 2012
|
| Θέματα: | |
| Διαθέσιμο Online: | http://www.lib.tpu.ru/fulltext2/m/2013/m105.pdf |
| Μορφή: | Ηλεκτρονική πηγή Βιβλίο |
| KOHA link: | https://koha.lib.tpu.ru/cgi-bin/koha/opac-detail.pl?biblionumber=235969 |
MARC
| LEADER | 00000nlm0a2200000 4500 | ||
|---|---|---|---|
| 001 | 235969 | ||
| 005 | 20240130110344.0 | ||
| 035 | |a (RuTPU)RU\TPU\book\257114 | ||
| 090 | |a 235969 | ||
| 100 | |a 20130418d2012 m y0rusy50 ca | ||
| 101 | 0 | |a rus | |
| 102 | |a RU | ||
| 105 | |a a j 001zy | ||
| 135 | |a drcn ---uucaa | ||
| 181 | 0 | |a i | |
| 182 | 0 | |a b | |
| 200 | 1 | |a Нетрадиционные способы производства электроэнергии |e учебное пособие |f Б. В. Лукутин, М. А. Сурков |g Национальный исследовательский Томский политехнический университет (ТПУ), Энергетический институт (ЭНИН), Кафедра электроснабжения промышленных предприятий (ЭПП) | |
| 203 | |a Текст |c электронный | ||
| 210 | |a Томск |c Изд-во ТПУ |d 2012 | ||
| 300 | |a Заглавие с титульного экрана | ||
| 300 | |a Электронная версия печатной публикации | ||
| 330 | |a В пособии рассмотрены энергетические характеристики основных видов возобновляемых источников энергии (ВИЭ): ветра, потоков воды, солнечного излучения, геотермальных вод, биомассы и способы их преобразования их в электроэнергию. Значительное внимание уделено вопросам повышения энергоэффективности преобразования первичного энергоресурса и рациональному построению автономных систем электроснабжения с применением электростанций, использующих различные виды ВИЭ. Приведен обзор экономических аспектов внедрения возобновляемой энергетики в автономном электроснабжении. На примере некоторых регионов Сибири показаны возможности практической эксплуатации подобных систем энергообеспечения. Предназначено для студентов электроэнергетических и электротехнических специальностей. | ||
| 333 | |a Режим доступа: из корпоративной сети ТПУ | ||
| 337 | |a Adobe Reader | ||
| 451 | 1 | |0 (RuTPU)RU\TPU\book\321539 |t Нетрадиционные способы производства электроэнергии |o учебное пособие |f Б. В. Лукутин, М. А. Сурков |g Национальный исследовательский Томский политехнический университет (ТПУ), Энергетический институт (ЭНИН), Кафедра электроснабжения промышленных предприятий (ЭПП) |e 2-е изд. |c Томск |n Изд-во ТПУ |d 2014 |a Лукутин, Борис Владимирович | |
| 452 | 1 | |0 (RuTPU)RU\TPU\book\257065 |t Нетрадиционные способы производства электроэнергии |o учебное пособие |f Б. В. Лукутин, М. А. Сурков |g Национальный исследовательский Томский политехнический университет (ТПУ) |c Томск |n Изд-во ТПУ |d 2012 |p 192 с. |a Лукутин, Борис Владимирович | |
| 606 | 1 | |a Возобновляемые источники энергии |2 stltpush |3 (RuTPU)RU\TPU\subj\65838 |9 82190 | |
| 610 | 1 | |a электронный ресурс | |
| 610 | 1 | |a учебные пособия | |
| 610 | 1 | |a труды учёных ТПУ | |
| 610 | 1 | |a возобновляемая энергетика | |
| 610 | 1 | |a энергия ветра | |
| 610 | 1 | |a гидроэнергия | |
| 610 | 1 | |a солнечная энергия | |
| 610 | 1 | |a геотермальная энергия | |
| 610 | 1 | |a энергия биомассы | |
| 610 | 1 | |a ветроэлектростанции | |
| 610 | 1 | |a ветроэнергетические установки | |
| 610 | 1 | |a микрогидроэлектростанции | |
| 610 | 1 | |a геотермальные электростанции | |
| 610 | 1 | |a солнечные электростанции | |
| 610 | 1 | |a биотопливо | |
| 610 | 1 | |a электростанции | |
| 610 | 1 | |a энергоэффективность | |
| 610 | 1 | |a энергоресурсы | |
| 610 | 1 | |a автономные электростанции | |
| 675 | |a 620.92(075.8) |v 3 | ||
| 700 | 1 | |a Лукутин |b Б. В. |c специалист в области электротехники |c профессор Томского политехнического университета, доктор технических наук |f 1948- |g Борис Владимирович |3 (RuTPU)RU\TPU\pers\21974 |9 9293 | |
| 701 | 1 | |a Сурков |b М. А. |c специалист в области электроэнергетики |c доцент Томского политехнического университета, кандидат технических наук |f 1980- |g Михаил Александрович |3 (RuTPU)RU\TPU\pers\26442 |9 12145 | |
| 712 | 0 | 2 | |a Национальный исследовательский Томский политехнический университет (ТПУ) |b Энергетический институт (ЭНИН) |b Кафедра электроснабжения промышленных предприятий (ЭПП) |3 (RuTPU)RU\TPU\col\18676 |
| 801 | 1 | |a RU |b 63413507 |c 20130418 | |
| 801 | 2 | |a RU |b 63413507 |c 20150530 |g RCR | |
| 856 | 4 | |u http://www.lib.tpu.ru/fulltext2/m/2013/m105.pdf | |
| 942 | |c CF | ||